Economic Insight into the Minimum Corporate Tax in the Slovak Republic

Politická diskusia o zavedení a zrušení daňových licencií na Slovensku. Teoretické a ekonomické dôvody na zavedenie daňovej licencie. Efektívnosť daňovej administratívy.

Salvato in:
Dettagli Bibliografici
Autore principale: Geško, Martin
Altri autori: Péliová, Jana, 1976-
Natura: Capitolo di libro
Lingua:inglese
Soggetti:
Tags: Aggiungi Tag
Nessun Tag, puoi essere il primo ad aggiungerne!!

MARC

LEADER 00000naa$a2200000$$$4500
001 0252313
005 20240502074038.7
041 0 |a eng 
044 |a SK 
245 1 0 |a Economic Insight into the Minimum Corporate Tax in the Slovak Republic  |c Martin Geško, Jana Péliová 
520 |a Politická diskusia o zavedení a zrušení daňových licencií na Slovensku. Teoretické a ekonomické dôvody na zavedenie daňovej licencie. Efektívnosť daňovej administratívy. 
610 2 0 |a dane 
610 2 0 |a zdaňovanie 
610 2 0 |a dane z príjmov 
610 2 0 |a osoby právnické 
610 2 0 |a licencie daňové 
610 2 0 |a optimalizácia 
610 2 0 |a optimalizácia daňová 
610 2 0 |a daňovníci 
610 2 0 |a správanie 
610 2 0 |a Slovensko 
100 1 |a Geško, Martin 
700 1 |a Péliová, Jana, 1976-